000 00396nam a2200157Ia 4500
008 220803s9999 xx 000 0 und d
020 _a1-4018-1447-6
041 _aeng
082 _a741.2 SHA
100 _aSharma A
_912985
245 _aUnderstanding Color Management
260 _aNew York
_bThomson Delmar
_c2004
300 _a362p
500 _aArchitecture
650 _aBasic Design
_912986
999 _c10228
_d10228